[Event "IECC O email"]
[Site "IECC email"]
[Date "1999.11.01"]
[Round "?"]
[White "Williams, Edward"]
[Black "Bertsch, Steve"]
[Result "1-0"]
[WhiteElo "1743"]
[BlackElo "1667"]
[PlyCount "37"]
[EventDate "1999.??.??"]
[EventType "tourn (corr)"]
[EventRounds "6"]
[SourceTitle "Corr 2008"]
[Source "ChessBase"]
[SourceDate "2008.06.24"]
[SourceVersion "1"]
[SourceVersionDate "2008.06.24"]
[SourceQuality "1"]

1. d4 d5 2. Nf3 Bg4 3. e3 Bxf3 4. Qxf3 e6 5. c4 c6 6. Nc3 Bd6 7. cxd5 cxd5 8. Bd3 Nf6 9. 0-0 0-0 10. e4 dxe4 11. Nxe4 Nc6 12. Bg5 Be7 13. Rad1 Nd5 14. Qh5 Bxg5 15. Nxg5 Nf6 16. Bxh7+ Kh8 17. Qh4 Qc7 18. Rd3 Ne7 19. Rh3 1-0

[Event "IECC CL4-1999.38"]
[Site "IECC email"]
[Date "1999.10.11"]
[Round "?"]
[White "Bertsch, Steve"]
[Black "Dobrin, Doron"]
[Result "0-1"]
[WhiteElo "1712"]
[BlackElo "1731"]
[PlyCount "58"]
[EventDate "1999.??.??"]
[EventType "tourn (corr)"]
[EventRounds "4"]
[SourceTitle "Corr 2008"]
[Source "ChessBase"]
[SourceDate "2008.06.24"]
[SourceVersion "1"]
[SourceVersionDate "2008.06.24"]
[SourceQuality "1"]

1. Nc3 c5 2. Nf3 d5 3. e3 Nf6 4. Be2 e6 5. 0-0 Nc6 6. b3 Be7 7. Bb2 0-0 8. d4 cxd4 9. Nxd4 Nxd4 10. Qxd4 Qc7 11. Qd1 a6 12. Bf3 Bd6 13. h3 Bh2+ 14. Kh1 Be5 15. Na4 b5 16. Bxe5 Qxe5 17. Nc5 Qc3 18. Nd3 e5 19. Be2 Bf5 20. Ne1 d4 21. exd4 Rfd8 22. Qc1 Rxd4 23. f3 Nh5 24. Kh2 Bxh3 25. gxh3 Rd2 26. Rf2 Nf4 27. Nd3 Nxe2 28. Qe1 Qxc2 29. Rc1 Qxd3 0-1